| 000 | 00407nam a2200181Ia 4500 | ||
|---|---|---|---|
| 001 | 2403 | ||
| 005 | 20260306144804.0 | ||
| 008 | 260306t1978||||xx |||||||||||||| ||spa|| | ||
| 041 | _aESP | ||
| 082 |
_a616.89 _bI63 |
||
| 100 |
_aInsua, Jorge A. _eAUT |
||
| 245 | 0 | _aPsicología médica | |
| 260 | _c1978 | ||
| 300 |
_a295 páginas : _ccm. |
||
| 650 | _aGEN | ||
| 654 | _aCPS | ||
| 942 |
_cLIB _dJUS _fJUS _2ddc _n |
||
| 999 |
_c2403 _d2403 |
||